MARC

LEADER 00000nam0a2200000 4500
001 356853
005 20231102010932.0
035 |a (RuTPU)RU\TPU\retro\14113 
090 |a 356853 
100 |a 20200724d1931 km y0rusy50 ca 
101 0 |a rus 
102 |a RU 
105 |a y z 001zd 
200 1 |a Очерки по истории материализма  |f Г. В. Плеханов  |g Институт К. Маркса и Ф. Энгельса (ИМЭ) 
210 |a Москва  |c Государственное социально-экономическое издательство  |d 1931 
215 |a 258 с. 
225 1 |a Библиотека марксиста  |v Вып. 28 
320 |a Указатель имен: с. 214-246 
320 |a Предметный указатель: с. 247-257 
600 1 |a Гольбах  |g Поль Анри  |b П. А.  |c французский философ  |f 1723-1789  |2 stltpush  |3 (RuTPU)RU\TPU\pers\103 
600 1 |a Гельвеций  |b К. А.  |c французский философ  |f 1715-1771  |g Клод Андриан  |2 stltpush  |3 (RuTPU)RU\TPU\pers\10348  |9 2216 
600 1 |a Маркс  |g Карл  |b К.  |c немецкий мыслитель  |c общественный деятель  |c основоположник марксизма  |f 1818-1883  |2 stltpush  |3 (RuTPU)RU\TPU\pers\297 
600 1 |a Бернштейн  |b Э.  |c немецкий социал-демократ  |f 1850-1932  |g Эдуард  |c один из лидеров германской социал-демократии и II Интернационала  |2 stltpush  |3 (RuTPU)RU\TPU\pers\14346 
606 1 |a Материализм  |2 stltpush  |3 (RuTPU)RU\TPU\subj\41245  |9 61050 
610 1 |a история 
610 1 |a 18 век 
610 1 |a 19 век 
686 |a Ю210.1  |v LBC/SL-A  |2 rubbk 
700 1 |a Плеханов  |b Г. В.  |c российский политический деятель  |c философ  |c теоретик марксизма  |f 1856-1918  |g Георгий Валентинович  |2 stltpush  |3 (RuTPU)RU\TPU\pers\1148  |9 520 
712 0 2 |a Институт К. Маркса и Ф. Энгельса (ИМЭ)  |c (Москва)  |c (1921-1931)  |2 stltpush  |3 (RuTPU)RU\TPU\col\7507 
801 1 |a RU  |b 63413507  |c 20200724 
801 2 |a RU  |b 63413507  |c 20200910  |g RCR 
942 |c BK